000
00302nam a2200121Ia 4500
005
20251222155156.0
008
251222s9999||||xx |||||||||||||| ||spa||
082
_a
EDUM.22
100
_a
Universidad Católica Perú.
245
0
_a
Proyectos Educativos y cultura de paz
264
_b
PUCAP
942
_c
LIB
999
_c
39738
_d
39738